000 01018njm a22002657a 4500
005 20100906151526.0
006 a|||||r|||||00| 0
007 sd ammalaaahaa
008 100906t xxu||||| |||| 00| 0 eng d
028 _aALP.1665
_bHis Master's Voice
035 _aGR-825
040 _aSED
_cSED
100 _917690
_aRavi Shankar
245 _aRaga and Talas /
_h[Sound Recording] :
_cby RaviShankar(Sitar) [and] Alla Rakha(Tabla)
246 _aराग और तलास /
260 _aDum Dum India
_bHis Master's Voice
300 _a1 sound disc (Gramophone Recording)
_banalog 33 1/3 rpm
_c12 in. (LP)
_fGramophone Record
440 _aMusic of India
_918626
500 _aBrief record
505 _aSide-2 राग और तलास (Raga and Talas) (RaviShankar) (Tabla),Alla Rakha (Tabla)
650 _aHindustani Classical Music
_xExcerpts
_zIndia
_917691
700 _918601
_aRakha, Alla
942 _2ddc
_cGR
999 _c44058
_d44058